00738cam a22002051 450000100060000000300080000600500170001400800390003103500190007003500180008904000330010704100080014008200230014810000280017124501870019926000380038630000350042450400410045960000320050021956BD-RjUL20211209000741.0140306s1964 ii 001 0 eng a(BD-RjUL)22021 a(OCoLC)620389 aDLCcOClUdDLCdBD-RjULbeng aeng00a891.4312bHAT 19641 aHandoo, Chandra Kumari.10aTulasīdāsa :bpoet, saint, and philosopher of the sixteenth century /cBy Chandra Kumari Handoo ; With a foreword by Vijaya Lakshmi Pandit, and an introd. by Swami Prabhavananda. aBombay :bOrient Longmans,c1964. axxii,300 p. :billus. ;c22cm. aBibliography: p.[291]-294 and index.00aTulasīdāsa,d1532-1623.